Spread of education and social change in Andhra : 1880-1920 (Record no. 20664)

MARC details
000 -LEADER
fixed length control field 00391nam a2200145Ia 4500
082 ## - DEWEY DECIMAL CLASSIFICATION NUMBER
Classification number TV.0089
100 ## - MAIN ENTRY--AUTHOR NAME
Personal name Vaikuntham, Y.
245 #0 - TITLE STATEMENT
Title Spread of education and social change in Andhra : 1880-1920
260 ## - PUBLICATION, DISTRIBUTION, ETC. (IMPRINT)
Year of publication 1979
Name of publisher Osmania University
300 ## - PHYSICAL DESCRIPTION
Number of Pages 470p.
650 ## - SUBJECT ADDED ENTRY--TOPICAL TERM
Topical Term EDUCATION - ANDHRA PRADESH - 1880-1920
650 ## - SUBJECT ADDED ENTRY--TOPICAL TERM
Topical Term SOCIAL CHANGE
710 ## - ADDED ENTRY--CORPORATE NAME
Corporate name or jurisdiction name as entry element Regani, Sarojini
942 ## - ADDED ENTRY ELEMENTS (KOHA)
Koha item type Thesis
Source of classification or shelving scheme Dewey Decimal Classification
Holdings
Withdrawn status Lost status Damaged status Not for loan Home library Current library Date acquired Full call number Accession Number Price effective from Koha item type
        NASSDOC Library NASSDOC Library 08/10/2004 TV.0089 13865 18/04/2019 Thesis